Itenerario de la inquietud

Uloženo v:
Podrobná bibliografie
Hlavní autor: Latcham, Ricardo Antonio (Autor)
Médium: Kniha
Jazyk:španělština
Vydáno: Santiago Nascimento 1931
Vydání:1a. ed
Témata:
Tagy: Přidat tag
Žádné tagy, Buďte první, kdo vytvoří štítek k tomuto záznamu!

MARC

LEADER 00000nam a2200000 a 4500
001 UCJ3549
003 CL-VaPUC
008 070124e19310000CL |||||||||||||||||spa|d
082 0 4 |a Ch864  |b LAT  |2 21 
100 |a Latcham, Ricardo Antonio  |e author  |9 420817 
245 1 0 |a Itenerario de la inquietud 
250 |a 1a. ed 
300 |a 230 p 
942 |c BK 
945 |d 20070124 00:00:00  |a rinostro 
260 |a Santiago  |b Nascimento  |c 1931 
650 7 |a ENSAYO CHILENO  |2 CL-VaPUC  |9 504137 
650 0 |a Crónicas de viajes  |9 350185 
650 0 |a Cultura  |9 269059 
583 |a last modification  |c 20170518 01:02:46  |k Rodrigo Vera 
999 |c 319671  |d 319669 
952 |0 0  |1 0  |4 0  |6 CH_864_000000000000000_LAT_1931  |7 0  |8 X  |9 398032  |a FDOBUD  |b FDOBUD  |d 2019-11-22  |i 1005405  |o Ch864 LAT 1931  |p 1005405  |r 2019-11-22  |w 2019-11-22  |y BK_X  |k BUD